Score 0/36 Timer 06:00
8 Plays Today
Hint Answer % Correct
 
▼    Movies    ▼
 
Toy Story
96.7%
 
▼    History    ▼
 
Nelson Mandela
94.3%
Mrs. Doubtfire
92.4%
Madonna
90.3%
The Matrix
87.4%
Bill Gates
86.8%
Groundhog Day
86.5%
Dumb & Dumber
84.8%
The X-Files
78.9%
 
▼    Music    ▼
 
Nirvana
78.1%
Sony PlayStation
78.1%
Hanson
76.6%
Saved by the Bell
74.7%
Snoop Dogg
74.4%
Sonic the Hedgehog 2
74.2%
Furby
73.1%
 
▼    Television    ▼
 
Married... with Children
70.3%
Wayne Gretzky
58.8%
Hint Answer % Correct
The Legend of Zelda: Ocarina of Time
58.6%
Animaniacs
57.6%
 
▼    Gaming    ▼
 
Pokémon Red and Blue
57.1%
Yasser Arafat
56.5%
Derek Jeter
56.2%
 
▼    Sports    ▼
 
Michael Johnson
48.2%
The Fifth Element
46.9%
Steffi Graf
44.9%
Cow and Chicken
42.8%
Mia Hamm
42.6%
Carl Sagan
38.7%
Barry Sanders
32.9%
Beastie Boys
29.5%
Kim Il-Sung
26.8%
The Prodigy
24.9%
Twin Peaks
21.4%
Shimon Peres
13.3%
Duke Nukem 3D
13.1%
Remove Ads.
Support Sporcle.
Get the best of Sporcle when you Go Orange. This ad-free experience offers more features, more stats, and more fun while also helping to support Sporcle. Thank you for becoming a member.

You're not logged in!

Compare scores with friends on all Sporcle quizzes.
OR
Log In

Sporcle TV

Today on Sporcle TV


Watch our educational content, quiz creation guides, and fun videos on Sporcle TV.

Show Comments

Extras

Top Quizzes Today


Score Distribution

Paid Content

Your Account Isn't Verified!

In order to create a playlist on Sporcle, you need to verify the email address you used during registration. Go to your Sporcle Settings to finish the process.

Report this User

Report this user for behavior that violates our Community Guidelines.

Details: